<?xml version="1.0" encoding="UTF-8"?>
<record
    xmlns:xsi="http://www.w3.org/2001/XMLSchema-instance"
    xsi:schemaLocation="http://www.loc.gov/MARC21/slim http://www.loc.gov/standards/marcxml/schema/MARC21slim.xsd"
    xmlns="http://www.loc.gov/MARC21/slim">

  <leader>00403nam a22001337a 4500</leader>
  <datafield tag="999" ind1=" " ind2=" ">
    <subfield code="c">3320</subfield>
    <subfield code="d">3320</subfield>
  </datafield>
  <controlfield tag="008">200608b           ||||| |||| 00| 0 eng d</controlfield>
  <datafield tag="082" ind1="0" ind2="0">
    <subfield code="a">363.450973</subfield>
    <subfield code="b">I5948</subfield>
  </datafield>
  <datafield tag="110" ind1=" " ind2=" ">
    <subfield code="9">2796</subfield>
    <subfield code="a">Institute of Chartered Shipbrokers</subfield>
  </datafield>
  <datafield tag="245" ind1="1" ind2="0">
    <subfield code="a">Drug trafficking and drug abuse /</subfield>
  </datafield>
  <datafield tag="260" ind1=" " ind2=" ">
    <subfield code="a">London:</subfield>
    <subfield code="b">Institute of Chartered Shipbrokers,</subfield>
    <subfield code="c">2010</subfield>
  </datafield>
  <datafield tag="300" ind1=" " ind2=" ">
    <subfield code="a">x</subfield>
  </datafield>
  <datafield tag="650" ind1=" " ind2="0">
    <subfield code="a">Drug Trafficking - Control</subfield>
  </datafield>
  <datafield tag="942" ind1=" " ind2=" ">
    <subfield code="c">BK</subfield>
  </datafield>
  <datafield tag="952" ind1=" " ind2=" ">
    <subfield code="0">0</subfield>
    <subfield code="1">0</subfield>
    <subfield code="2">ddc</subfield>
    <subfield code="4">0</subfield>
    <subfield code="6">363_450973000000000_I5948</subfield>
    <subfield code="7">0</subfield>
    <subfield code="9">8913</subfield>
    <subfield code="a">CL</subfield>
    <subfield code="b">CL</subfield>
    <subfield code="d">2011-11-25</subfield>
    <subfield code="e">Shroff Publishers and Distributors</subfield>
    <subfield code="g">1735.13</subfield>
    <subfield code="o">363.450973 I5948</subfield>
    <subfield code="p">11431</subfield>
    <subfield code="r">2020-06-08</subfield>
    <subfield code="v">1735.13</subfield>
    <subfield code="y">BK</subfield>
  </datafield>
</record>
